Emlékezés Szárszóra

Elmentve itt :
Bibliográfiai részletek
Szerző: FARAGÓ József
Adatforrás:Meister
Forrásdokumentuma:Helikon. -
19 sz., 1993, 1; 10 p.
Nyelv:magyar
Kulcsszavak:politikai publicisztika
Szárszói Konferencia
népi-urbánus vita
Balatonszárszó
PÜSKI Sándor
LEADER 00465nab a2200169 i 4500
001 bibPRO00006912
008 060524s1993 xx hun
040 |a Sz1 
041 |a hun 
100 1 |a FARAGÓ József 
245 1 0 |a Emlékezés Szárszóra  |c FARAGÓ József 
695 |a politikai publicisztika 
695 |a Szárszói Konferencia 
695 |a népi-urbánus vita 
695 |a Balatonszárszó 
695 |a PÜSKI Sándor 
773 0 |t Helikon. -  |g 19 sz., 1993, 1; 10 p.